<?xml version="1.0" encoding="UTF-8"?>
<marc:record xmlns:marc="http://www.loc.gov/MARC21/slim">
   <marc:leader>00000nam a2200000 a 4500</marc:leader>
   <marc:datafield ind1="1" ind2=" " tag="100">
      <marc:subfield code="a">Färber, Werner</marc:subfield>
      <marc:subfield code="4">aut</marc:subfield>
      <marc:subfield code="e">Verfasser/-in</marc:subfield>
   </marc:datafield>
   <marc:datafield ind1="1" ind2=" " tag="100">
      <marc:subfield code="a">Ackroyd, Dorothea</marc:subfield>
      <marc:subfield code="4">aut</marc:subfield>
      <marc:subfield code="e">Verfasser/-in</marc:subfield>
   </marc:datafield>
   <marc:datafield ind1=" " ind2=" " tag="653">
      <marc:subfield code="a">Englisch lernen</marc:subfield>
   </marc:datafield>
   <marc:datafield ind1=" " ind2=" " tag="653">
      <marc:subfield code="a">Bildermaus</marc:subfield>
   </marc:datafield>
   <marc:datafield ind1=" " ind2=" " tag="653">
      <marc:subfield code="a">Großbuchstaben</marc:subfield>
   </marc:datafield>
   <marc:datafield ind1="0" ind2="0" tag="245">
      <marc:subfield code="a">Geschichten vom kleinen Einhorn/ Little Unicorn Stories</marc:subfield>
   </marc:datafield>
   <marc:datafield ind1="0" ind2="0" tag="245">
      <marc:subfield code="b">Bildermaus - Mit Bildern Englisch lernen</marc:subfield>
   </marc:datafield>
   <marc:datafield ind1="0" ind2="0" tag="245">
      <marc:subfield code="c">Werner Färber ; Dorothea Ackroyd</marc:subfield>
   </marc:datafield>
   <marc:datafield ind1=" " ind2="1" tag="264">
      <marc:subfield code="a">Bindlach</marc:subfield>
      <marc:subfield code="b">Loewe</marc:subfield>
   </marc:datafield>
   <marc:datafield ind1="1" ind2=" " tag="520">
      <marc:subfield code="a">Oh, nein! Der Prinz wurde von einem Drachen entführt. Sofort springt das kleine Einhorn auf einen fliegenden Teppich und hilft der Prinzessin, den Prinzen zu befreien. Aber auch wenn das Einhorn selbst einmal in Gefahr gerät, kann es auf seine Freunde zählen.&lt;br/&gt;&lt;br/&gt;Mit der Reihe Bildermaus - Mit Bildern Englisch lernen können Kinder schon ab 5 Jahren ( Vorschule) spielerisch die erste Fremdsprache lernen. Jedes Hauptwort der zweisprachigen Ausgabe ist durch ein Bild ersetzt. Dadurch kann das Kind viele Vokabeln des Grundwortschatzes üben. Das beigelegte Domino-Spiel hilft, die englischen Vokabeln zu festigen, und sorgt für jede Menge Spaß. Ein klasse Buch für Englisch-Anfänger!</marc:subfield>
   </marc:datafield>
   <marc:datafield ind1=" " ind2=" " tag="020">
      <marc:subfield code="a">9783785588246</marc:subfield>
      <marc:subfield code="9">9783785588246</marc:subfield>
   </marc:datafield>
   <marc:datafield ind1="1" ind2=" " tag="521">
      <marc:subfield code="a">0</marc:subfield>
   </marc:datafield>
</marc:record>
